Movies Quiz

Random Movies or Director Quiz

Martin Scorsese Movies Quiz Stats

 Plays Quiz Updated Aug 18, 2019

Score 0/24 Timer 07:00
9 Plays Today
Year Movie % Correct
2006The Departed
90.5%
1990Goodfellas
88%
1976Taxi Driver
78.8%
1980Raging Bull
77%
2013The Wolf of Wall Street
76.4%
1995Casino
71.4%
2002Gangs of New York
71.3%
2011Hugo
66.9%
2004The Aviator
64.2%
1973Mean Streets
60.7%
2016Silence
59.3%
1991Cape Fear
44.2%
Year Movie % Correct
1983The King of Comedy
44%
2010Shutter Island
43.9%
1977New York, New York
37.2%
1988The Last Temptation of Christ
36.5%
1974Alice Doesn't Live Here Anymore
31.6%
1993The Age of Innocence
30.4%
1997Kundun
30.1%
1999Bringing Out the Dead
27.2%
1985After Hours
25.9%
1972Boxcar Bertha
25.8%
1986The Color of Money
25.2%
1968Who's That Knocking at My Door?
17.4%

You're not logged in!

Compare scores with friends on all Sporcle quizzes.
OR
Log In

Sporcle TV

Today on Sporcle TV


Watch our educational content, quiz creation guides, and fun videos on Sporcle TV.

Show Comments

Extras

Top Quizzes Today


Score Distribution

Your Account Isn't Verified!

In order to create a playlist on Sporcle, you need to verify the email address you used during registration. Go to your Sporcle Settings to finish the process.

Report this User

Report this user for behavior that violates our Community Guidelines.

Details: